Marcha por la cultura; (Registro nro. 828)
[ vista simple ]
| 000 -LEADER | |
|---|---|
| campo de control de longitud fija | 01103ngm a2200265Ia 4500 |
| 001 - NÚMERO DE CONTROL | |
| campo de control | CINE00785 |
| 003 - IDENTIFICADOR DE NÚMERO DE CONTROL | |
| campo de control | EcQuCN |
| 005 - FECHA Y HORA DE LA ÚLTIMA TRANSACCIÓN | |
| campo de control | 20240205094154.0 |
| 006 - CÓDIGOS DE INFORMACIÓN DE LONGITUD FIJA--CARACTERÍSTICAS DEL MATERIAL ADICIONAL | |
| campo de control de longitud fija | a||||gr|||| 00| mz |
| 007 - CAMPO FIJO DE DESCRIPCIÓN FÍSICA--INFORMACIÓN GENERAL | |
| campo de control de longitud fija | mc nfubzzgazauz|c201508 |
| 008 - DATOS DE LONGITUD FIJA--INFORMACIÓN GENERAL | |
| campo de control de longitud fija | 150827s ec ||||g |||| 00| mzspa d |
| 040 ## - FUENTE DE CATALOGACIÓN | |
| Centro catalogador/agencia de origen | EcQuCN |
| 084 ## - OTRO NÚMERO DE CLASIFICACIÓN | |
| Número de clasificación | VHSER0057.1 - V8ER043 - DVDER930.1 |
| 245 10 - MENCIÓN DEL TÍTULO | |
| Título | Marcha por la cultura; |
| Mención de responsabilidad, etc. | Producida por: CIESPAL |
| 260 ## - PUBLICACIÓN, DISTRIBUCIÓN, ETC. | |
| Lugar de publicación, distribución, etc. | Quito |
| Nombre del editor, distribuidor, etc. | Cinemateca Nacional |
| 300 ## - DESCRIPCIÓN FÍSICA | |
| Extensión | 11 minutos. |
| 380 ## - FORMA DE LA OBRA | |
| Forma de la obra | Registro personal |
| 500 ## - NOTA GENERAL | |
| Nota general | Fondo Cinemateca |
| 516 ## - NOTA DE TIPO DE ARCHIVO DE ORDENADOR O DE DATOS | |
| Nota de tipo de archivo de ordenador o de datos | VHS - VIDEO 8 - DVD |
| 520 1# - RESUMEN, ETC. | |
| Sumario, etc. | (No está editado) Marcha de directivos y trabajadores de la Casa de la Cultura Ecuatoriana y representantes de todos los núcleos marchan desde las dependencias de la institución en el parque de El Ejido hacia el palacio de gobierno, esto sucede en el gobierno de Sixto Durán Ballén. Todos van a presentar el reclamo por la falta apoyo a la cultura. Van acompañados de comparas, carteles y gritos de protesta. |
| 522 ## - NOTA DE ÁMBITO GEOGRÁFICO | |
| Nota de ámbito geográfico | Quito / Pichincha |
| 650 #4 - PUNTO DE ACCESO ADICIONAL DE MATERIA--TÉRMINO DE MATERIA | |
| Término de materia o nombre geográfico como elemento de entrada | HISTORIA |
| 700 1# - ENTRADA AGREGADA--NOMBRE PERSONAL | |
| Nombre de persona | Ciespal |
| Término indicativo de función/relación | productor |
| 942 ## - ELEMENTOS DE ENTRADA SECUNDARIOS (KOHA) | |
| Fuente del sistema de clasificación o colocación | Otra/Esquema de Clasificación Genérico |
| Tipo de ítem Koha | Casete VHS |
| Estatus | Estado de pérdida | Fuente del sistema de clasificación o colocación | Estado de daño | No para préstamo | Código de colección | Biblioteca de origen | Biblioteca actual | Fecha de adquisición | Fuente de adquisición | Total de préstamos | Código de barras | Visto por última vez | Copia número | Precio de reemplazo | Nota no pública | Signatura topográfica completa | Tipo de ítem Koha |
|---|---|---|---|---|---|---|---|---|---|---|---|---|---|---|---|---|---|
| Otra/Esquema de Clasificación Genérico | F. General | Biblioteca Cinemateca | Biblioteca Cinemateca | 2015-08-27 | Cinemateca Nacional | CN-0785 | 2015-08-27 | Ej.1 | 2023-02-21 | Migración | VHSER0057.1 - V8ER043 - DVDER930.1 | Casete VHS |
